| 000 -LEADER |
| fixed length control field |
00781nam a22001577a 4500 |
| 005 - DATE AND TIME OF LATEST TRANSACTION |
| control field |
20230616181028.0 |
| 008 - FIXED-LENGTH DATA ELEMENTS--GENERAL INFORMATION |
| fixed length control field |
230425b xxu||||| |||| 00| 0 eng d |
| 082 ## - DEWEY DECIMAL CLASSIFICATION NUMBER |
| Classification number |
384.540 |
| Item number |
SHI |
| 100 ## - MAIN ENTRY--PERSONAL NAME |
| Personal name |
Sheeparmatti, Basavaprabhu |
| 245 ## - TITLE STATEMENT |
| Title |
ಸಮುದಾಯ ಬಾನುಲಿ ಕೇಂದ್ರಗಳ ರಚನೆ, ತಂತ್ರಜ್ಞಾನ ಮತ್ತು ವ್ಯಾಪ್ತಿ |
| Remainder of title |
Samuday Banuli Kendragala Rachane, Tantrajyan Mattu Vyapti |
| Statement of responsibility, etc. |
Basavaprabhu Sheeparmatti and Bharath Badiger |
| 260 ## - PUBLICATION, DISTRIBUTION, ETC. |
| Place of publication, distribution, etc. |
Belagavi |
| Name of publisher, distributor, etc. |
Prasaranga, Visveswaraya Technological University ( VTU ) |
| Date of publication, distribution, etc. |
2021 |
| 300 ## - PHYSICAL DESCRIPTION |
| Extent |
52p. |
| 440 ## - SERIES STATEMENT/ADDED ENTRY--TITLE |
| Title |
Janpriya Taantrika Shikshana Maale (ಜನಪ್ರಿಯ ತಾಂತ್ರಿಕ ಶಿಕ್ಷಣ ಮಾಲೆ) |
| 650 ## - SUBJECT ADDED ENTRY--TOPICAL TERM |
| Topical term or geographic name entry element |
General |
| 700 ## - ADDED ENTRY--PERSONAL NAME |
| Personal name |
Bharath Badiger |